Databázový systém DIPS Považská Bystrica 19.-23.10.1981

Gespeichert in:
Bibliographische Detailangaben
Format: Buch
Sprache:Slowakisch
Veröffentlicht: Žilina Dom techniky ČSVTS 1981
Tags: Tag hinzufügen
Keine Tags, Fügen Sie das erste Tag hinzu!

MARC

LEADER 00000nam a2200000 4500
001 c125931
005 20041019155236.5
041 0 |a slo 
044 |a SK 
245 1 0 |a Databázový systém DIPS  |b Považská Bystrica 19.-23.10.1981 
264 1 |a Žilina  |b Dom techniky ČSVTS  |c 1981 
300 |a 104 s.